Extinción formal de las obligaciones verbales. La acceptilatio.

Gardado en:
Detalles Bibliográficos
Autor Principal: Mollá Nebot, María A. Sonia (autora)
Outros autores: Valiño del Río, Emilio (prólogo)
Formato: Libro
Publicado: Madrid, España: Universitat de Valencia; Civitas, S.A, 1993.
Edición:Primera edición.
Series:Monografías Civitas.
Subjects:
Tags: Engadir etiqueta
Sen Etiquetas, Sexa o primeiro en etiquetar este rexistro!

MARC

LEADER 00000nam a22000007a 4500
003 CL-VaPUC
005 20220822114548.0
008 220707t1993 ||||| |||| 00| 0 eng d
999 |c 436758  |d 436756 
020 |a 84-470-0206-3 
040 |c Pontificia Universidad Católica de Valparaíso 
082 7 |a 346.077 MOL 1993  |2 22 
100 1 |a Mollá Nebot, María A. Sonia  |e autora  |9 872305 
245 |a Extinción formal de las obligaciones verbales.  |b La acceptilatio.  
250 |a Primera edición. 
260 |a Madrid, España:  |b Universitat de Valencia;   |b Civitas, S.A,   |c 1993. 
300 |a 250 páginas.  
490 |a Monografías Civitas.  
500 |a c.1 Donación Familia Prof. Alejandro Guzmán Brito. 
583 |c 20220707  |k Cristina María Rojas Aguilar 
650 |a Extinción de deudas   |9 872306 
650 |a Derecho romano  |9 255930 
650 |a Ley de obligaciones  |9 872307 
700 |a Valiño del Río, Emilio  |e prólogo  |9 872308 
942 |2 ddc  |c BK  |n 0 
952 |0 0  |1 0  |2 ddc  |4 0  |6 346_077000000000000_MOL_1993  |7 0  |8 C_AGB  |9 584464  |a BIBDER  |b BIBDER  |d 2022-07-07  |e Donación   |i 5652566  |o 346.077 MOL 1993  |p 5652566  |r 2023-01-25  |t 1  |w 2022-07-07  |y BK_US  |k AGB